000 00380nam a22001337a 4500
005 20260304123839.0
020 _a978-1-64740-529-8
082 _a639.3044PHI/A
245 _aAquaculture: Genetics and Genomics/
_ced by Christine Phillips
260 _a.-NewYork
_b:Syrawood Publishing House
_c,2025
300 _a234p
700 _aPhillip,Christine (ed)
_911205
942 _2ddc
_cBK
999 _c757213
_d757213